Combined search for supersymmetry with photons in proton-proton collisions at √s = 13 TeV; Physics Letters B; Vol. 801

書誌詳細
Parent link:Physics Letters B
Vol. 801.— 2020.— [135183, 27 p.]
団体著者: Национальный исследовательский Томский политехнический университет Исследовательская школа физики высокоэнергетических процессов
その他の著者: Sirunyan А. М., Tumasyan A. R., Adam W. Wolfgang, Ambrogi F. Federico, Tyurin N. E. Nikolay Evgenjevich, Babaev A. A. Anton Anatoljevich
要約:Title screen
A combination of four searches for new physics involving signatures with at least one photon and large missing transverse momentum, motivated by generalized models of gauge-mediated supersymmetry (SUSY) breaking, is presented. All searches make use of proton-proton collision data at √s = 13 TeV, which were recorded with the CMS detector at the LHC in 2016, and correspond to an integrated luminosity of 35.9 fb−1. Signatures with at least one photon and large missing transverse momentum are categorized into events with two isolated photons, events with a lepton and a photon, events with additional jets, and events with at least one high-energy photon. No excess of events is observed beyond expectations from standard model processes, and limits are set in the context of gauge-mediated SUSY. Compared to the individual searches, the combination extends the sensitivity to gauge-mediated SUSY in both electroweak and strong production scenarios by up to 100 GeV in neutralino and chargino masses, and yields the first CMS result combining various SUSY searches in events with photons at √s = 13 TeV
言語:英語
出版事項: 2020
主題:
オンライン・アクセス:https://doi.org/10.1016/j.physletb.2019.135183
フォーマット: 電子媒体 図書の章
KOHA link:https://koha.lib.tpu.ru/cgi-bin/koha/opac-detail.pl?biblionumber=666200

MARC

LEADER 00000naa0a2200000 4500
001 666200
005 20250523150559.0
035 |a (RuTPU)RU\TPU\network\37404 
090 |a 666200 
100 |a 20211210d2020 k||y0rusy50 ba 
101 0 |a eng 
135 |a arcn ---uucaa 
181 0 |a i  
182 0 |a b 
200 1 |a Combined search for supersymmetry with photons in proton-proton collisions at √s = 13 TeV  |f А. М. Sirunyan, A. R. Tumasyan, W. Adam [et al.] 
203 |a Text  |c electronic 
300 |a Title screen 
320 |a [References.: 54 tit.] 
330 |a A combination of four searches for new physics involving signatures with at least one photon and large missing transverse momentum, motivated by generalized models of gauge-mediated supersymmetry (SUSY) breaking, is presented. All searches make use of proton-proton collision data at √s = 13 TeV, which were recorded with the CMS detector at the LHC in 2016, and correspond to an integrated luminosity of 35.9 fb−1. Signatures with at least one photon and large missing transverse momentum are categorized into events with two isolated photons, events with a lepton and a photon, events with additional jets, and events with at least one high-energy photon. No excess of events is observed beyond expectations from standard model processes, and limits are set in the context of gauge-mediated SUSY. Compared to the individual searches, the combination extends the sensitivity to gauge-mediated SUSY in both electroweak and strong production scenarios by up to 100 GeV in neutralino and chargino masses, and yields the first CMS result combining various SUSY searches in events with photons at √s = 13 TeV 
461 |t Physics Letters B 
463 |t Vol. 801  |v [135183, 27 p.]  |d 2020 
610 1 |a электронный ресурс 
610 1 |a труды учёных ТПУ 
610 1 |a CMS 
610 1 |a physics 
610 1 |a supersymmetry 
610 1 |a gauge-mediated supersymmetry 
701 1 |a Sirunyan  |b А. М. 
701 1 |a Tumasyan  |b A. R. 
701 1 |a Adam  |b W.  |g Wolfgang 
701 1 |a Ambrogi  |b F.  |g Federico 
701 1 |a Tyurin  |b N. E.  |g Nikolay Evgenjevich 
701 1 |a Babaev  |b A. A.  |c physicist  |c engineer-issledovatelskogo Polytechnic University, candidate of physical and mathematical Sciences  |f 1981-  |g Anton Anatoljevich  |3 (RuTPU)RU\TPU\pers\35154  |9 18420 
712 0 2 |a Национальный исследовательский Томский политехнический университет  |b Исследовательская школа физики высокоэнергетических процессов  |c (2017- )  |3 (RuTPU)RU\TPU\col\23551 
801 2 |a RU  |b 63413507  |c 20211210  |g RCR 
850 |a 63413507 
856 4 |u https://doi.org/10.1016/j.physletb.2019.135183 
942 |c CF